000 00318nam a2200133Ia 4500
100 _aDavis/ H.T.
942 _cBK
654 _aintegral equations
245 _aIntroduction to nonlinear differential & integral equations
260 _bDover pub
_aNew York
_c1962
300 _a566
546 _aENGLISH
999 _c31219
_d31219